| 000 | 00874nmc a2200289 a 4500 | ||
|---|---|---|---|
| 003 | AR-BaBNM | ||
| 005 | 20251128203642.0 | ||
| 008 | 217019s1960 ||||||||||||||000 | spa|| | ||
| 040 | _cAR-BaBNM | ||
| 100 | 1 | _aHeck, Arch O. | |
| 245 | 1 | 0 |
_aLa educación de los niños excepcionales _bsus exigencias para los maestros, padres y legisladores |
| 260 |
_aBuenos Aires _bNova _c1960 |
||
| 300 | 0 | _a587 p. | |
| 490 | 0 | _aBiblioteca Nova de educación | |
| 500 | 0 | _aIndice analítico p. 563-582 | |
| 650 | 4 | _aEDUCACION ESPECIAL | |
| 650 | 4 | _aNECESIDADES DEL NINO | |
| 650 | 4 | _aNECESIDADES EDUCACIONALES | |
| 650 | 4 | _aINADAPTADOS | |
| 650 | 4 | _aALUMNOS SUPERDOTADOS | |
| 650 | 4 | _aRENDIMIENTO DEL ALUMNO | |
| 653 | 0 | _aNINOS DE APRENDIZAJE LENTO | |
| 700 | 1 |
_aFortuny, Nelly S. _etraductor |
|
| 800 | 1 |
_aPiérola, Raúl A. _edirector |
|
| 942 | _cBK | ||
| 998 | _cCarmen | ||
| 999 |
_c4332 _d4332 |
||